| 000 | 01361cam a2200229 4500 | ||
|---|---|---|---|
| 001 | WB4002-12 | ||
| 008 | 040112n2004 000 0 eng u | ||
| 035 | _a(Sirsi) u124831 | ||
| 245 | _aPlanning obligations | ||
| 260 | _c2004 | ||
| 490 |
_aRICS News Service _v 9 January 2004 (2) |
||
| 520 | _aRICS has suggested a range of improvements to government proposals on planning obligations. These obligations make developers donate to the local community through cash or a contribution towards local infrastructure. RICS has some concerns about the new proposals including the fact that there is no detail on changes to current planning obligations (s106) system and that authorities must not be able to divert receipts to cover general expenditure unrelated to developmental impacts. For the news story: http://www.rics.org/ricscms/bin/show?class=News&te mplate=/includes/shownews.html&id=7902 For the Contributing to sustainable communities - a new approach to planning obligations: http://www.odpm.gov.uk/stellent/groups/odpm_planni ng/documents/page/odpm_plan_025543.hcsp | ||
| 590 | _aWB | ||
| 590 | _aWB | ||
| 650 | _aPLANNING OBLIGATIONS | ||
| 650 | _aSUSTAINABLE COMMUNITIES | ||
| 650 | _aLOCAL AUTHORITIES | ||
| 650 |
_aAffordable housing _96215 |
||
| 650 | _aLOCAL DEVELOPMENT FRAMEWORKS | ||
| 690 | _aPLANNING-PLANNING LAW | ||
| 942 | _n0 | ||
| 999 |
_c116929 _d116929 |
||